• 首页
  • 本馆介绍
  • 公告通知
  • 最新文献
  • 馆藏检索
  • 电子资源
  • 读者导购
  • 参考咨询
  • 我的图书馆
  • 登录
  • 详细信息显示
  • 放入我的书架
  • 预约/预借图书
  • 作者相关作品
  • 分类相关作品
  • 丛书相关作品
  • 出版社相关作品

书目信息

  • 表格格式
  • 工作单格式
  • 卡片格式
题名:
生态环境需水量理论、方法与实践
    
 
作者: 杨志峰 著
分册:  
出版信息: 北京   科学出版社  2003
页数: 250页
开本: 24cm
丛书名:
单 册:
中图分类: X143 , X171.1
科图分类:
主题词: 水环境--研究 , 水环境 , 环境生物学
电子资源:
ISBN: 7-03-011063-3
000 01085nam0 2200289 450
000 01036nam0 2200265 450
000 00969nam0 2200241 450
000 00932nam0 2200229 45
005 20070525111335.42
010    @a7-03-011063-3@b精装@dCNY50.00
100    @a19961012d1996 ekmy0chiy0120 ea
101 0  @achi
102    @aCN@b110000
105    @ab z 000yy
200 1  @a生态环境需水量理论、方法与实践@ASheng Tai Huan Jing Xu Shui Liang Li Lun、 Fang Fa Yu Shi Jian@f杨志峰等著@FYang Zhi Feng Deng Zhu
210    @a北京@c科学出版社@d2003
215    @a250页@c地图@d24cm
300    @a国家重点基础研究发展规划项目(973No.G19990436-05)资助
330    @a本书共分上下两篇。上篇包括五章,论述了生态环境需水量研究在理论与实践方面的重要意义;下章包括四篇,以案例研究为主要特色,应用上篇论述的理论与方法,对黄潍海地区生态环境需水量进行了深入研究。
606 0  @a水环境@x研究
606 0  @a水环境
606 0  @a环境生物学
690    @aX143@v4
690    @aX171.1@v3
701  0 @a杨志峰@AYang Zhi Feng@c(教授)@4著
801  0 @aCN@bTAOJIN@c20070525
905    @a10447@dX171.1@e109
    
    生态环境需水量理论、方法与实践/杨志峰等著.-北京:科学出版社,2003
    250页:地图;24cm
    国家重点基础研究发展规划项目(973No.G19990436-05)资助
    
    ISBN 7-03-011063-3(精装):CNY50.00
    本书共分上下两篇。上篇包括五章,论述了生态环境需水量研究在理论与实践方面的重要意义;下章包括四篇,以案例研究为主要特色,应用上篇论述的理论与方法,对黄潍海地区生态环境需水量进行了深入研究。
●
相关链接 在E读中查询图书 在五车中查询图书 在当当中查询图书 在豆瓣中查询图书


正题名:生态环境需水量理论、方法与实践     索取号:X171.1/109         预约/预借

序号 登录号 条形码 馆藏地/架位号 状态 备注
1 0522415   205224158   第二样本阅览室/ [索取号:X171.1/109] 在馆    
2 0522416   205224167   第三借阅区/ [索取号:X171.1/109] 在馆    
3 0522417   205224176   第三借阅区/ [索取号:X171.1/109] 在馆    
4 0522418   205224185   第三借阅区/ [索取号:X171.1/109] 在馆    
5 0522419   205224194   第三借阅区/ [索取号:X171.1/109] 在馆    
6 0522420   205224201   第三借阅区/ [索取号:X171.1/109] 在馆    
唐山师范学院图书馆 欢迎您!
大连网信软件有限公司© 版权所有